| 000 | 00397nam a2200145 a 4500 | ||
|---|---|---|---|
| 001 | 000047813 | ||
| 005 | 20201002060743.0 | ||
| 008 | 180817s2018 dr 000 spa d | ||
| 040 |
_aDO-SdBNP _bspa _cBNPHU |
||
| 082 |
_axxx _bC357 |
||
| 245 | 0 | _aCatálogo de la Provincia antillense 2018. | |
| 260 |
_aSanto Domingo : _bBúho, _c2018. |
||
| 300 |
_a72 p. ; _c22 cm. |
||
| 590 | _aInventariado,2018/DG | ||
| 999 |
_c47301 _d47301 |
||